Music Quiz

Random Music or Album Quiz

Artists on Now! Volume 100 (UK) Quiz Stats

 Plays Quiz not verified by Sporcle

Support Sporcle.
Go Orange.
Score 0/44 Timer 06:00
1 Play Today
Song Artist % Correct
...Baby One More TimeBritney Spears
95%
WonderwallOasis
93.3%
Wannabe (Radio Edit)Spice Girls
91.7%
Hips Don't LieShakira ft. Wyclef Jean
91.7%
Viva La Vida (Radio Edit)Coldplay
91.7%
I Kissed A GirlKaty Perry
91.7%
Uptown Funk (Radio Edit)Mark Ronson ft. Bruno Mars
90%
Livin' On A PrayerBon Jovi
88.3%
Cry Me A RiverJustin Timberlake
88.3%
Love YourselfJustin Bieber
85%
Survivor (#1's Edit)Destiny's Child
81.7%
You're Beautiful (Radio Version)James Blunt
80%
No Tears Left To CryAriana Grande
78.3%
Believe (Single Version)Cher
78.3%
AngelsRobbie Williams
76.7%
Red Red WineUB40
75%
Can't Get You Out Of My HeadKylie Minogue
75%
SingEd Sheeran
75%
One KissCalvin Harris ft. Dua Lipa
71.7%
Against All Odds (Take A Look At Me Now)Phil Collins
68.3%
In My BloodShawn Mendes
61.7%
ShotgunGeorge Ezra
60%
Song Artist % Correct
Jackie Chan (Clean Version)DJ Tiësto & Dzeko ft. Preme & Post Malone
58.3%
Better NowPost Malone
56.7%
Youngblood5 Seconds Of Summer
51.7%
2002Anne-Marie
48.3%
Rule The WorldTake That
48.3%
SoloClean Bandit ft. Demi Lovato
46.7%
ReachS Club 7
45%
The MiddleZedd, Maren Morris & Grey
43.3%
Meant To BeBebe Rexha ft. Florida Georgia Line
41.7%
Love Is All AroundWet Wet Wet
40%
Ring RingJax Jones & Mabel ft. Rich The Kid
38.3%
FlamesDavid Guetta ft. Sia
35%
I'll Be ThereJess Glynne
30%
Bad VibeM.O, Lotto Boyzz & Mr Eazi
30%
Love LiesKhalid & Normani
30%
FamiliarLiam Payne ft. J. Balvin
26.7%
If You're Over MeYears & Years
20%
Only YouCheat Codes & Little Mix
20%
RiseJonas Blue ft. Jack & Jack
16.7%
AnswerphoneBanx & Ranx & Ella Eyre
16.7%
First Time (UK Radio Edit)M-22 ft. Medina
8.3%
You Can't Hurry Love (Good Morning Britain competition winners)MU4
3.3%

You're not logged in!

Compare scores with friends on all Sporcle quizzes.
OR
Log In

From the Vault

Beginning Song Titles II

by MovieGuru

Song titles are just the beginning...
Remove Ads.
Support Sporcle.
Get the best of Sporcle when you Go Orange. This ad-free experience offers more features, more stats, and more fun while also helping to support Sporcle. Thank you for becoming a member.

Show Comments

Extras

Top Quizzes Today


Score Distribution

Your Account Isn't Verified!

In order to create a playlist on Sporcle, you need to verify the email address you used during registration. Go to your Sporcle Settings to finish the process.

Report this User

Report this user for behavior that violates our Community Guidelines.

Details: